| 000 | 01226nam a2200253 a 4500 | ||
|---|---|---|---|
| 008 | 120124c20089999xx |||||||||||||| || u | ||
| 020 | _a9780073317878 | ||
| 050 | _aCD/HD 30.2 Bal | ||
| 100 | _aBaltzan, Paige | ||
| 245 | 1 | 0 |
_aBusiness driven information systems. _h[cd-rom] |
| 260 |
_a _bMcGraw-Hill _c2008 |
||
| 300 | _a4 3/4 in | ||
| 350 | _a0.00 | ||
| 500 | _aCD-ROM accompanied with a textbook available main collection . | ||
| 650 | 0 | _aBUSINESS | |
| 650 | _aBUSINESS--INFORMATION SYSTEMS | ||
| 650 | _aINFORMATION TECHNOLOGY--MANAGEMENT | ||
| 650 | 0 | _aBUSINESS--COMPUTER PROGRAMS | |
| 700 | _aPhillips, Amy | ||
| 995 |
_ae-RESOURCES _D0.00 _e03008453 _FCBU-MAIN LIBRARY (Kitwe) _H1 _I0.00 _jCD/HD 30.2 Bal _M2 _UAVAILABLE _WJan 24, 2012 _y20162588 _Ze-Media Collection |
||
| 995 |
_ae-RESOURCES _e201420212 _FCBU-MAIN LIBRARY (Kitwe) _I0.00 _jCD/HD 30.2 Bal _M3 _UAVAILABLE _WJul 18, 2016 _y201420212 _Ze-Media Collection |
||
| 995 |
_ae-RESOURCES _D0.00 _e03008499 _FCBU-MAIN LIBRARY (Kitwe) _H1 _I0.00 _jCD/HD 30.2 Bal _M3 _UAVAILABLE _WFeb 7, 2012 _yZ03008499 _Ze-Media Collection |
||
| 995 |
_ae-RESOURCES _D0.00 _e20142532 _FCBU-MAIN LIBRARY (Kitwe) _H1 _I0.00 _jCD/HD 30.2 Bal _M1 _UAVAILABLE _WJan 24, 2012 _y20142532 _Ze-Media Collection |
||
| 999 |
_c77883 _d77883 |
||